|
|
|
|
| LEADER |
01805nam a2200325 a 4500 |
| 001 |
0020891 |
| 003 |
BD-DhAAL |
| 008 |
100927s1949 bg w 000 0 eng d |
| 040 |
|
|
|a BD-DhAAL
|c BD-DhAAL
|
| 082 |
0 |
0 |
|a 348.5492046
|2 22
|
| 130 |
0 |
|
|a DLR
|9 4033
|
| 245 |
0 |
4 |
|a The Dacca law report.
|n Volume I.
|
| 246 |
1 |
7 |
|a The Dhaka Law Reports.
|
| 260 |
|
|
|a Dacca [Bangladesh] :
|b Dacca Law Reports,
|c 1949.
|
| 300 |
|
|
|a 184 p. :
|c 25 cm
|
| 362 |
0 |
|
|a Vol. 1 (1949)
|
| 500 |
|
|
|a "A journal of law reports."
|
| 500 |
|
|
|a Latest issue consulted: Vol. 1,1949
|
| 526 |
|
|
|a SOL
|x Saira Rahman Khan,
Associate Professor
School of Law
BRAC University
|
| 541 |
|
|
|e 0020891, 0022279
|a Anupam Gyan Bhandar
|
| 590 |
|
|
|a Published yearly.
|
| 650 |
|
0 |
|a Law reports, digests, etc.
|z Bangladesh.
|9 4034
|
| 650 |
|
0 |
|a Law reports, digests, etc.
|z India
|z Bengal.
|9 4035
|
| 852 |
4 |
|
|a Ayesha Abed Library
|c General Stacks
|
| 942 |
|
|
|2 ddc
|c 1HOUR
|
| 999 |
|
|
|c 10643
|d 10643
|
| 952 |
|
|
|0 0
|1 0
|2 ddc
|4 0
|6 348_549200000000000_046_DAC
|7 0
|8 REF
|9 16010
|a BRACUL
|b BRACUL
|c REF
|d 2011-04-07
|e Anupom Gayan Vander
|l 0
|o 348.5492046 DAC
|p 3010022279
|r 2011-04-07
|t 2
|w 2011-04-07
|y 1HOUR
|
| 952 |
|
|
|0 0
|1 0
|2 ddc
|4 0
|6 348_549200000000000_046_DAC
|7 0
|8 REF
|9 18526
|a BRACUL
|b BRACUL
|c REF
|d 2011-11-14
|g 994.00
|l 17
|o 348.5492046 DAC
|p 3010022333
|r 2015-11-26
|s 2015-11-26
|t 3
|w 2011-11-14
|y 1HOUR
|
| 952 |
|
|
|0 0
|1 0
|2 ddc
|4 0
|6 348_549200000000000_046_DAC
|7 0
|8 REF
|9 23989
|a BRACUL
|b BRACUL
|c REF
|d 2014-03-20
|e Anupam Gyan Bhandar
|g 994.00
|l 1
|o 348.5492046 DAC
|p 3010020891
|r 2015-11-08
|s 2015-11-08
|t 1
|w 2014-03-20
|y 1HOUR
|x Requisitioned by Saira Rahman Khan, Associate Professor, School of Law, BRAC University.
|
| 952 |
|
|
|0 0
|1 0
|2 ddc
|4 0
|6 348_549200000000000_046_DAC
|7 0
|8 REF
|9 54197
|a BRACUL
|b BRACUL
|c REF
|d 2015-06-09
|g 994.00
|l 0
|o 348.5492046 DAC
|p 3010029125
|r 2015-06-09
|t 4
|w 2015-06-09
|y 1HOUR
|